Statistics for CONCACAF Member Nations by Badge

Click here to take the quiz!

General Stats

  • This quiz has been taken 117 times
  • The average score is 28 of 41

Answer Stats

Answer% Correct
Panama
97%
Guyana
95%
Suriname
95%
United States
95%
Canada
91%
Saint Vincent and the Grenadines
89%
Grenada
88%
Jamaica
88%
Trinidad and Tobago
88%
Barbados
85%
El Salvador
85%
Honduras
85%
Belize
83%
Dominica
83%
Mexico
83%
Costa Rica
80%
Saint Kitts and Nevis
79%
Puerto Rico
77%
Cuba
67%
Saint Lucia
67%
Bermuda
65%
Haiti
64%
U.S. Virgin Islands
62%
Nicaragua
61%
Anguilla
59%
Dominican Republic
59%
Sint Maarten
59%
Guatemala
58%
Aruba
56%
Curaçao
56%
Cayman Islands
55%
British Virgin Islands
53%
Bonaire
52%
French Guiana
52%
Antigua and Barbuda
48%
Bahamas
45%
Guadeloupe
45%
Turks and Caicos Islands
41%
Martinique
38%
Montserrat
35%
Saint Martin
32%

Score Distribution

Percentile by Number Answered

Percent of People with Each Score

Your Score History

You have not taken this quiz